[Event "GRE-chT 48th"]
[Site "Athens"]
[Date "2021.09.09"]
[Round "4.7"]
[White "Michos, Michail"]
[Black "Katsikas, Konstantinos"]
[Result "0-1"]
[WhiteElo "1086"]
[BlackElo "1138"]
[PlyCount "76"]
[EventDate "2021.09.07"]
[EventType "team-swiss"]
[EventRounds "7"]
[EventCountry "GRE"]
[SourceTitle "CBM 204 Extra"]
[Source "ChessBase"]
[SourceDate "2021.11.30"]
[SourceVersion "1"]
[SourceVersionDate "2021.11.30"]
[SourceQuality "1"]
[WhiteTeam "Ykaryas"]
[BlackTeam "Keefysyas"]
[WhiteTeamCountry "GRE"]
[BlackTeamCountry "GRE"]

1. e4 c5 2. Nc3 Nc6 3. g3 g6 4. Bg2 Bg7 5. d3 d6 6. Be3 Nf6 7. Nge2 0-0 8. Qd2 Rb8 9. h4 h5 10. f3 b5 11. a3 a5 12. Bh6 b4 13. Bxg7 Kxg7 14. Nd5 e5 15. Bh3 Nxd5 16. exd5 Nd4 17. Nxd4 exd4 18. Bxc8 Qxc8 19. axb4 axb4 20. c3 dxc3 21. bxc3 Qf5 22. Kf2 Qxd5 23. cxb4 Qd4+ 24. Qe3 Rxb4 25. Qxd4+ Rxd4 26. Rad1 Re8 27. Rhg1 f5 28. f4 Kf6 29. Kf3 d5 30. Rd2 Rb4 31. Re2 Rxe2 32. Kxe2 d4 33. Rd1 Rb2+ 34. Ke1 Ke6 35. Rc1 Kd5 36. Kf1 Rd2 37. Ra1 Rxd3 38. Ra6 Rxg3 0-1